000 00308nam a22001337a 4500
008 170620b xxu||||| |||| 00| 0 eng d
020 _a9780078127564
041 _aeng
080 _69 ED
_a32
100 _a20
101 _ashp
245 _aTAKING SIDES DRUGSAND SOCIETY
_cGOLDBERG.R
942 _2udc
_cBK
999 _c18199
_d18199